Normal view
MARC view
Entry Meeting Name
001 - CONTROL NUMBER
- control field: 326556
003 - CONTROL NUMBER IDENTIFIER
- control field: OSt
005 - DATE AND TIME OF LATEST TRANSACTION
- control field: 20220926021642.0
008 - FIXED-LENGTH DATA ELEMENTS
- fixed length control field: 220926|| aca||aabn | a|a d
040 ## - CATALOGING SOURCE
- Original cataloging agency: OSt
- Transcribing agency: OSt
111 ## - HEADING--MEETING NAME
- Meeting name or jurisdiction name as entry element: UNITED NATIONS , DAGHAMMARSKJOG LIBRARY
670 ## - SOURCE DATA FOUND
- Source citation: Work cat.: (OSt)637331: UNITED NATIONS , DAGHAMMARSKJOG LIBRARY, Index to resolutions of the economic and social council 1946-70, 1981
